Top 10 Most Guessed Countries By Continent - Europe - Statistics

General Stats
  • This quiz has been taken 37 times
  • The average score is 10 of 10
Answer Stats
# % Answer % Correct
2 94% France
100%
5 92% Germany
100%
4 93% Italy
100%
1 95% Russia
100%
6 92% Spain
100%
3 94% United Kingdom
100%
8 87% Ireland
94%
9 87% Portugal
94%
10 86% Sweden
92%
7 87% Iceland
81%
No matching quizzes found
Score Distribution
Percent of People with Each Score
Percentile by Number Answered
Your Score History
You have not taken this quiz